| 000 | 00481nam a22001937a 4500 | ||
|---|---|---|---|
| 003 | CEME | ||
| 005 | 20210628205730.0 | ||
| 008 | 210316b xxu||||| |||| 00| 0 eng d | ||
| 020 | _a0-471-11608-4 | ||
| 040 | _c. | ||
| 082 | _a530.12 LAN | ||
| 100 |
_aLandau, Rubin.H _939783 |
||
| 245 | _aQuantum mechanics a second course in quantum theory | ||
| 250 | _a2ND | ||
| 260 |
_aNEWYORK _bJOHN WILEY _c1996 |
||
| 300 | _a496P | ||
| 650 |
_aQUANTUM THEORY _9177 |
||
| 942 |
_cBK _2ddc |
||
| 999 |
_c582183 _d582183 |
||